000 00406cam a2200169ua 4500
003 OSt
008 250823b |||||||| |||| 00| 0 eng d
020 _a81-224-0648-3
041 _aeng
082 _a628
_bANI/EN
100 _aAnilkumar, De .
_97755
245 _aEnvironmental chemistry /
250 _a3 /
260 _aNew Delhi :
_bWiley Eastern Ltd ,
_c1995.
300 _a364 ; .
942 _cBK
999 _c10116
_d10116